Идиолектный словарь прецедентных текстов сибирского сторожила

Dades bibliogràfiques
Autor principal: Иванцова Е. В. Екатерина Вадимовна
Autor corporatiu: Национальный исследовательский Томский государственный университет (ТГУ)
Sumari:Издание продолжает словарную серию, посвященную комплексному представлению диалектной языковой личности. Предметом описания являются прецедентные тексты — широко известные в социуме цитаты: пословицы, поговорки, присказки и другие малые жанры фольклора, а также фрагменты песен. Зафиксированный в речи сибирской крестьянки В.П. Вершининой, типичного носителя русских старожильческих говоров Сибири, цитатный фонд дает представление о системе взглядов и ценностей в русской народной культуре. Для специалистов в области лингвистики, а также всех тех, кого интересуют народная речь и культура.
Idioma:rus
Publicat: Томск, Изд-во Томского ун-та, 2016
Matèries:
Format: MixedMaterials Llibre
KOHA link:https://koha.lib.tpu.ru/cgi-bin/koha/opac-detail.pl?biblionumber=342338

MARC

LEADER 00000nam0a2200000 4500
001 342338
005 20231102005436.0
010 |a 9785751124595 
035 |a (RuTPU)RU\TPU\book\371073 
090 |a 342338 
100 |a 20190125d2016 km y0rusy50 ca 
101 0 |a rus 
102 |a RU 
105 |a y e 000zy 
200 1 |a Идиолектный словарь прецедентных текстов сибирского сторожила  |f Е. В. Иванцова  |g Национальный исследовательский Томский государственный университет (ТГУ) 
210 |a Томск  |c Изд-во Томского ун-та  |d 2016 
215 |a 132 с. 
330 |a Издание продолжает словарную серию, посвященную комплексному представлению диалектной языковой личности. Предметом описания являются прецедентные тексты — широко известные в социуме цитаты: пословицы, поговорки, присказки и другие малые жанры фольклора, а также фрагменты песен. Зафиксированный в речи сибирской крестьянки В.П. Вершининой, типичного носителя русских старожильческих говоров Сибири, цитатный фонд дает представление о системе взглядов и ценностей в русской народной культуре. Для специалистов в области лингвистики, а также всех тех, кого интересуют народная речь и культура. 
606 1 |a Русский язык  |x Диалектология, диалектография  |2 stltpush  |3 (RuTPU)RU\TPU\subj\26395  |9 50335 
610 1 |a лексикография 
610 1 |a диалекты 
610 1 |a сибирский говор 
610 1 |a Сибирь 
610 1 |a разговорная речь 
610 1 |a старожильческие говора 
610 1 |a идиолектика 
610 1 |a словари 
610 1 |a Томск 
610 1 |a прецедентные тексты 
610 1 |a словари 
686 |a Ш141.2-5  |v LBC/SL-A  |2 rubbk 
700 1 |a Иванцова  |b Е. В.  |g Екатерина Вадимовна 
712 0 2 |a Национальный исследовательский Томский государственный университет (ТГУ)  |c (2009- )  |2 stltpush  |3 (RuTPU)RU\TPU\col\17230 
801 1 |a RU  |b 63413507  |c 20190125 
801 2 |a RU  |b 63413507  |c 20190208  |g RCR 
942 |c BK